Statistics for Crash Bandicoot Characters

Click here to take the quiz!

General Stats

  • This quiz has been taken 896 times
  • The average score is 17 of 41

Answer Stats

HintAnswer% Correct
Crash Bandicoot
99%
Dr Neo Cortex
94%
Coco Bandicoot
88%
Tiny
80%
N Gin
75%
Aku Aku
73%
Dingodile
71%
Uka Uka
70%
Ripper Roo
68%
Papu Papu
64%
Crunch Bandicoot
60%
Polar
60%
Pinstripe
58%
Koala Kong
54%
N Brio
53%
N Tropy
52%
Pura
50%
Nina Cortex
49%
Komodo Joe
40%
Nitrious Oxide
40%
Fake Crash
38%
Tawna Bandicoot
34%
Komodo Moe
31%
Rilla Roo
28%
N Trance
27%
Penta Penguin
27%
Velo
21%
Pasadena
17%
Von Clutch
17%
Zam
15%
Zem
15%
Py-ro
14%
Wa-Wa
14%
Geary
13%
Krunk
13%
Nash
13%
Lo-lo
12%
Norm
12%
Rok-ko
11%
Bearminator
8%
Madame Amberly
8%

Score Distribution

Percentile by Number Answered

Percent of People with Each Score

Your Score History

You have not taken this quiz